[Event "DVM U14w 2020"]
[Site "Willingen GER"]
[Date "2021.06.25"]
[Round "4"]
[White "Leongardt, Adel"]
[Black "Muhina, Alina"]
[Result "1-0"]
[Termination "normal"]
[Board "4.4"]
[WhiteElo "1157"]
[BlackElo "1343"]
[WhiteClock "00:45:53"]
[BlackClock "00:31:35"]
[WhiteTeam "TSG Oberschöneweide e.V."]
[BlackTeam "SC Garching 1980 e.V."]
[PlyCount "79"]
[WhiteFideId "16256549"]
[BlackFideId "16298322"]
[EventCountry "GER"]
[EventRounds "7"]
[EventType "team-swiss"]
[EventDate "2021.06.23"]

1. e4 {[%clk 1:30:56]} 1... c6 {[%clk 1:30:58]} 2. d4 {[%clk 1:31:18]} 2... d5
{[%clk 1:31:24]} 3. exd5 {[%clk 1:31:37]} 3... cxd5 {[%clk 1:31:50]} 4. Bd3 {
[%clk 1:31:46]} 4... g6 {[%clk 1:32:00]} 5. c3 {[%clk 1:32:07]} 5... Bg7 {
[%clk 1:32:26]} 6. Bf4 {[%clk 1:32:16]} 6... f6 {[%clk 1:32:17]} 7. Nf3 { [%clk
1:32:04]} 7... Nh6 {[%clk 1:32:42]} 8. Qc1 {[%clk 1:31:45]} 8... Nf7 { [%clk
1:33:06]} 9. O-O {[%clk 1:32:05]} 9... O-O {[%clk 1:33:32]} 10. Nbd2 { [%clk
1:31:46]} 10... e5 {[%clk 1:33:45]} 11. dxe5 {[%clk 1:31:33]} 11... fxe5 {[%clk
1:34:10]} 12. Bg3 {[%clk 1:30:38]} 12... e4 {[%clk 1:34:33]} 13. Nxe4 { [%clk
1:29:07]} 13... dxe4 {[%clk 1:34:42]} 14. Bxe4 {[%clk 1:29:25]} 14... Nc6
{[%clk 1:34:01]} 15. b4 {[%clk 1:28:39]} 15... Nce5 {[%clk 1:31:31]} 16. Nxe5 {
[%clk 1:28:27]} 16... Nxe5 {[%clk 1:31:44]} 17. Rd1 {[%clk 1:26:45]} 17... Qe8
{[%clk 1:31:38]} 18. Re1 {[%clk 1:26:50]} 18... Be6 {[%clk 1:29:48]} 19. Bxe5 {
[%clk 1:21:28]} 19... Bxe5 {[%clk 1:29:25]} 20. Qe3 {[%clk 1:21:30]} 20... Bf4
{[%clk 1:27:17]} 21. Qd4 {[%clk 1:16:47]} 21... Rd8 {[%clk 1:26:31]} 22. Qxa7 {
[%clk 1:14:00]} 22... Qf7 {[%clk 1:16:01]} 23. Red1 {[%clk 1:07:32]} 23...
Rxd1+ {[%clk 1:12:13]} 24. Rxd1 {[%clk 1:05:44]} 24... Bxh2+ {[%clk 1:11:45]}
25. Kxh2 {[%clk 1:05:09]} 25... Qf4+ {[%clk 1:11:56]} 26. Kg1 {[%clk 1:03:27]}
26... Qxe4 {[%clk 1:12:20]} 27. a4 {[%clk 1:01:25]} 27... Rf5 {[%clk 1:07:59]}
28. Rd8+ {[%clk 0:58:53]} 28... Kg7 {[%clk 1:08:20]} 29. Rd1 {[%clk 0:57:39]}
29... Rg5 {[%clk 1:08:30]} 30. f3 {[%clk 0:52:28]} 30... Qxf3 {[%clk 1:08:38]}
31. Qd4+ {[%clk 0:50:58]} 31... Kf7 {[%clk 1:03:42]} 32. Qd2 {[%clk 0:49:24]}
32... Qd5 {[%clk 0:52:57]} 33. Qf4+ {[%clk 0:47:31]} 33... Qf5 {[%clk 0:53:05]}
34. Qc7+ {[%clk 0:47:32]} 34... Kf6 {[%clk 0:37:22]} 35. Rf1 {[%clk 0:46:46]}
35... Qxf1+ {[%clk 0:37:19]} 36. Kxf1 {[%clk 0:46:34]} 36... Rf5+ { [%clk
0:34:59]} 37. Kg1 {[%clk 0:46:23]} 37... Rd5 {[%clk 0:31:47]} 38. Qxb7 { [%clk
0:46:00]} 38... Rd1+ {[%clk 0:31:31]} 39. Kh2 {[%clk 0:45:53]} 39... h5 { [%clk
0:31:35]} 40. Qf3+ 1-0

[Event "DVM U14w 2020"]
[Site "Willingen GER"]
[Date "2021.06.25"]
[Round "4"]
[White "Adelmeyer, Nelly"]
[Black "Stepanjan, Marianne"]
[Result "1-0"]
[Termination "normal"]
[Board "5.1"]
[WhiteElo "1458"]
[BlackElo "1383"]
[WhiteClock "00:44:46"]
[BlackClock "00:26:37"]
[WhiteTeam "SV Roter Turm Halle"]
[BlackTeam "TuRa Harksheide von 1945 Norderstedt"]
[PlyCount "83"]
[WhiteFideId "16203577"]
[BlackFideId "16246110"]
[EventCountry "GER"]
[EventRounds "7"]
[EventType "team-swiss"]
[EventDate "2021.06.23"]

1. d4 {[%clk 1:30:57]} 1... d5 {[%clk 1:30:56]} 2. Nf3 {[%clk 1:31:21]} 2...
Nf6 {[%clk 1:31:22]} 3. e3 {[%clk 1:31:43]} 3... e6 {[%clk 1:31:46]} 4. Bd3 {
[%clk 1:32:05]} 4... Be7 {[%clk 1:32:04]} 5. Nbd2 {[%clk 1:32:26]} 5... Nbd7 {
[%clk 1:32:18]} 6. b3 {[%clk 1:32:45]} 6... O-O {[%clk 1:32:42]} 7. Bb2 { [%clk
1:33:03]} 7... b6 {[%clk 1:33:05]} 8. O-O {[%clk 1:33:11]} 8... Bb7 { [%clk
1:33:10]} 9. c4 {[%clk 1:33:23]} 9... c5 {[%clk 1:31:50]} 10. Qc2 { [%clk
1:33:28]} 10... Rc8 {[%clk 1:29:09]} 11. Qb1 {[%clk 1:30:10]} 11... a6 { [%clk
1:19:08]} 12. Ne5 {[%clk 1:28:02]} 12... dxc4 {[%clk 1:15:34]} 13. Ndxc4 {[%clk
1:26:23]} 13... b5 {[%clk 1:15:08]} 14. Nxd7 {[%clk 1:22:50]} 14... Qxd7 {[%clk
1:12:44]} 15. Ne5 {[%clk 1:15:08]} 15... Qd5 {[%clk 1:05:50]} 16. f3 { [%clk
1:12:25]} 16... cxd4 {[%clk 0:57:09]} 17. Bxd4 {[%clk 1:09:54]} 17... Bc5
{[%clk 0:56:12]} 18. Bxc5 {[%clk 1:09:08]} 18... Rxc5 {[%clk 0:53:05]} 19. Ng4
{[%clk 0:59:35]} 19... Nxg4 {[%clk 0:52:27]} 20. Bxh7+ {[%clk 0:57:56]} 20...
Kh8 {[%clk 0:52:41]} 21. Be4 {[%clk 0:57:26]} 21... Qd2 22. Qe1 {[%clk 0:48:04]
} 22... Qxe1 {[%clk 0:30:55]} 23. Raxe1 {[%clk 0:46:53]} 23... Bxe4 { [%clk
0:31:01]} 24. fxg4 {[%clk 0:46:30]} 24... Rc2 {[%clk 0:30:23]} 25. Rf2 { [%clk
0:46:33]} 25... Rfc8 {[%clk 0:26:44]} 26. Ree2 {[%clk 0:45:08]} 26... Rc1+
{[%clk 0:26:08]} 27. Rf1 {[%clk 0:45:15]} 27... Rxf1+ {[%clk 0:26:31]} 28. Kxf1
{[%clk 0:45:39]} 28... Rc1+ {[%clk 0:26:57]} 29. Kf2 {[%clk 0:45:37]} 29... Rc2
{[%clk 0:27:20]} 30. Rxc2 {[%clk 0:45:36]} 30... Bxc2 {[%clk 0:27:46] } 31. Kf3
{[%clk 0:45:28]} 31... b4 {[%clk 0:27:28]} 32. Ke2 {[%clk 0:44:20]} 32... Bb1
{[%clk 0:27:42]} 33. Kd2 {[%clk 0:44:44]} 33... Bxa2 {[%clk 0:28:00]} 34. Kc2
{[%clk 0:45:10]} 34... Bxb3+ 35. Kxb3 {[%clk 0:45:33]} 35... a5 { [%clk
0:26:45]} 36. h4 {[%clk 0:45:31]} 36... Kh7 {[%clk 0:26:31]} 37. g5 { [%clk
0:44:49]} 37... Kg6 {[%clk 0:26:46]} 38. e4 {[%clk 0:43:55]} 38... Kh5 { [%clk
0:26:26]} 39. g3 {[%clk 0:44:21]} 39... Kg4 {[%clk 0:26:49]} 40. Kc4 { [%clk
0:44:14]} 40... Kxg3 {[%clk 0:26:35]} 41. h5 {[%clk 0:44:36]} 41... Kg4 { [%clk
0:26:37]} 42. h6 {[%clk 0:44:46]} 1-0

[Event "DVM U14w 2020"]
[Site "Willingen GER"]
[Date "2021.06.25"]
[Round "4"]
[White "Foos, Vanessa"]
[Black "Lorenz, Anouk"]
[Result "1-0"]
[Termination "normal"]
[Board "5.2"]
[WhiteElo "1380"]
[BlackElo "1460"]
[WhiteClock "00:38:33"]
[BlackClock "00:02:28"]
[WhiteTeam "TuRa Harksheide von 1945 Norderstedt"]
[BlackTeam "SV Roter Turm Halle"]
[PlyCount "133"]
[WhiteFideId "16245270"]
[BlackFideId "12990256"]
[EventCountry "GER"]
[EventRounds "7"]
[EventType "team-swiss"]
[EventDate "2021.06.23"]

1. d4 {[%clk 1:30:57]} 1... Nf6 {[%clk 1:30:51]} 2. c4 {[%clk 1:31:18]} 2... e6
{[%clk 1:31:15]} 3. Nc3 {[%clk 1:31:38]} 3... Bb4 {[%clk 1:31:38]} 4. Bd2 {
[%clk 1:31:22]} 4... O-O {[%clk 1:31:17]} 5. Nf3 {[%clk 1:31:37]} 5... c5 {
[%clk 1:30:41]} 6. dxc5 {[%clk 1:29:48]} 6... Na6 {[%clk 1:29:36]} 7. a3 {
[%clk 1:27:32]} 7... Bxc3 {[%clk 1:29:13]} 8. Bxc3 {[%clk 1:27:52]} 8... Nxc5 {
[%clk 1:28:58]} 9. g3 {[%clk 1:20:06]} 9... b6 {[%clk 1:12:13]} 10. Bg2 { [%clk
1:19:15]} 10... Bb7 {[%clk 1:12:02]} 11. O-O {[%clk 1:19:10]} 11... d5 { [%clk
1:06:17]} 12. Bxf6 {[%clk 1:14:33]} 12... Qxf6 {[%clk 1:05:34]} 13. b4 { [%clk
1:13:33]} 13... Ne4 {[%clk 1:02:33]} 14. cxd5 {[%clk 1:11:33]} 14... Bxd5
{[%clk 1:01:18]} 15. Rc1 {[%clk 1:03:16]} 15... Qb2 {[%clk 0:54:48]} 16. Qd3 {
[%clk 0:58:04]} 16... Rac8 {[%clk 0:49:28]} 17. Rxc8 {[%clk 0:57:35]} 17...
Rxc8 {[%clk 0:49:27]} 18. Nd4 {[%clk 0:56:13]} 18... Nf6 {[%clk 0:21:40]} 19.
Bxd5 {[%clk 0:55:05]} 19... Nxd5 {[%clk 0:22:02]} 20. Qa6 {[%clk 0:39:08]}
20... Rf8 {[%clk 0:19:15]} 21. e3 {[%clk 0:37:32]} 21... h6 {[%clk 0:17:51]}
22. Qxa7 {[%clk 0:36:18]} 22... Rc8 {[%clk 0:13:27]} 23. b5 {[%clk 0:32:36]}
23... Rc3 {[%clk 0:06:45]} 24. a4 {[%clk 0:29:25]} 24... Qd2 {[%clk 0:02:17]}
25. Nf3 {[%clk 0:27:54]} 25... Qd3 {[%clk 0:00:42]} 26. Ne5 {[%clk 0:28:06]}
26... Qf5 {[%clk 0:00:44]} 27. e4 {[%clk 0:27:06]} 27... Qxe5 {[%clk 0:00:53]}
28. exd5 {[%clk 0:27:35]} 28... Qxd5 {[%clk 0:01:13]} 29. Qxb6 {[%clk 0:27:31]}
29... Ra3 {[%clk 0:00:50]} 30. Qa7 {[%clk 0:22:22]} 30... Rb3 {[%clk 0:00:35]}
31. Ra1 {[%clk 0:20:37]} 31... Rd3 {[%clk 0:00:35]} 32. h3 {[%clk 0:20:23]}
32... Rd1+ {[%clk 0:00:33]} 33. Rxd1 {[%clk 0:20:51]} 33... Qxd1+ { [%clk
0:01:01]} 34. Kh2 {[%clk 0:20:40]} 34... h5 {[%clk 0:00:58]} 35. Qa8+ { [%clk
0:21:01]} 35... Kh7 {[%clk 0:01:13]} 36. b6 {[%clk 0:21:07]} 36... Qe2 { [%clk
0:00:47]} 37. Kg2 {[%clk 0:20:59]} 37... h4 {[%clk 0:00:36]} 38. Qf3 { [%clk
0:20:57]} 38... Qe5 {[%clk 0:00:31]} 39. Qf4 {[%clk 0:21:08]} 39... Qd5+ {[%clk
0:00:36]} 40. Qf3 {[%clk 0:20:10]} 40... Qe5 {[%clk 0:00:34]} 41. Qd3+ { [%clk
0:19:27]} 41... g6 {[%clk 0:00:31]} 42. Qd7 {[%clk 0:18:12]} 42... Qe4+ { [%clk
0:29:33]} 43. Kf1 {[%clk 0:45:56]} 43... Qb1+ {[%clk 0:25:54]} 44. Ke2 { [%clk
0:45:35]} 44... Qb2+ {[%clk 0:20:32]} 45. Kf3 {[%clk 0:45:57]} 45... Qxb6
{[%clk 0:19:55]} 46. Qxf7+ {[%clk 0:46:17]} 46... Kh6 {[%clk 0:19:37]} 47. Qf8+
{[%clk 0:45:36]} 47... Kh7 {[%clk 0:19:05]} 48. Qe7+ {[%clk 0:45:08]} 48... Kg8
{[%clk 0:17:55]} 49. Qxh4 {[%clk 0:45:27]} 49... Qb3+ {[%clk 0:16:30]} 50. Kg2
{[%clk 0:45:31]} 50... Qd5+ {[%clk 0:16:07]} 51. Kh2 {[%clk 0:45:54]} 51... Qd2
{[%clk 0:15:03]} 52. Qf6 {[%clk 0:45:43]} 52... Kh7 {[%clk 0:13:39]} 53. Qf7+ {
[%clk 0:45:04]} 53... Kh8 {[%clk 0:12:20]} 54. Qa7 {[%clk 0:44:58]} 54... g5 {
[%clk 0:08:29]} 55. Qa8+ {[%clk 0:45:09]} 55... Kg7 {[%clk 0:07:56]} 56. Kg2 {
[%clk 0:45:19]} 56... e5 {[%clk 0:07:42]} 57. a5 {[%clk 0:45:02]} 57... e4 {
[%clk 0:07:26]} 58. Qb7+ {[%clk 0:44:40]} 58... Kf6 {[%clk 0:07:18]} 59. a6 {
[%clk 0:44:30]} 59... Qe2 {[%clk 0:05:45]} 60. Qc6+ {[%clk 0:42:47]} 60... Kf7
{[%clk 0:05:35]} 61. Qd7+ {[%clk 0:41:17]} 61... Kg6 {[%clk 0:04:13]} 62. Qe6+
{[%clk 0:41:21]} 62... Kg7 {[%clk 0:03:37]} 63. Qg4 {[%clk 0:40:30]} 63... Qxa6
{[%clk 0:03:28]} 64. Qxg5+ {[%clk 0:40:47]} 64... Kf7 {[%clk 0:03:19]} 65. Qf5+
{[%clk 0:40:43]} 65... Kg7 {[%clk 0:03:05]} 66. Qxe4 {[%clk 0:40:43]} 66... Kf7
{[%clk 0:02:28]} 67. g4 {[%clk 0:38:33]} 1-0

[Event "DVM U14w 2020"]
[Site "Willingen GER"]
[Date "2021.06.25"]
[Round "4"]
[White "Derling, Charlotte"]
[Black "Petrosyan, Ani"]
[Result "1-0"]
[Termination "normal"]
[Board "5.3"]
[WhiteElo "1406"]
[BlackElo "1353"]
[WhiteClock "00:09:42"]
[BlackClock "00:09:10"]
[WhiteTeam "SV Roter Turm Halle"]
[BlackTeam "TuRa Harksheide von 1945 Norderstedt"]
[PlyCount "71"]
[WhiteFideId "16222237"]
[BlackFideId "16248015"]
[EventCountry "GER"]
[EventRounds "7"]
[EventType "team-swiss"]
[EventDate "2021.06.23"]

1. e4 {[%clk 1:30:56]} 1... c5 {[%clk 1:30:50]} 2. Nf3 {[%clk 1:31:03]} 2...
Nc6 {[%clk 1:31:09]} 3. d4 {[%clk 1:30:57]} 3... cxd4 {[%clk 1:31:24]} 4. Nxd4
{[%clk 1:31:19]} 4... Nf6 {[%clk 1:31:35]} 5. Nc3 {[%clk 1:31:19]} 5... a6 {
[%clk 1:31:53]} 6. Be3 {[%clk 1:30:16]} 6... e6 {[%clk 1:32:03]} 7. Be2 { [%clk
1:28:56]} 7... Be7 {[%clk 1:32:08]} 8. O-O {[%clk 1:26:04]} 8... O-O { [%clk
1:31:09]} 9. Qd2 {[%clk 1:22:19]} 9... Qc7 {[%clk 1:25:49]} 10. a3 { [%clk
1:19:35]} 10... Rd8 {[%clk 1:20:50]} 11. f4 {[%clk 1:11:21]} 11... d6 { [%clk
1:18:55]} 12. Bf3 {[%clk 1:03:38]} 12... e5 {[%clk 1:17:01]} 13. Nf5 { [%clk
0:54:09]} 13... b5 {[%clk 1:07:26]} 14. Nxe7+ {[%clk 0:45:07]} 14... Nxe7
{[%clk 1:02:10]} 15. Rfd1 {[%clk 0:39:30]} 15... Bb7 {[%clk 1:00:18]} 16. Qf2 {
[%clk 0:36:54]} 16... Qc6 {[%clk 0:47:11]} 17. Rd2 {[%clk 0:33:27]} 17... exf4
18. Bxf4 {[%clk 0:31:09]} 18... d5 {[%clk 0:36:19]} 19. exd5 {[%clk 0:28:25]}
19... Nexd5 {[%clk 0:33:41]} 20. Nxd5 {[%clk 0:26:36]} 20... Nxd5 { [%clk
0:33:12]} 21. Rad1 {[%clk 0:23:22]} 21... Qe6 {[%clk 0:24:50]} 22. Qc5 { [%clk
0:17:30]} 22... Rac8 {[%clk 0:22:16]} 23. Bxd5 {[%clk 0:13:37]} 23... Bxd5
{[%clk 0:16:46]} 24. Rxd5 {[%clk 0:13:04]} 24... Rxd5 {[%clk 0:15:14]} 25. Qxd5
{[%clk 0:13:04]} 25... Qe8 {[%clk 0:14:29]} 26. Qd7 {[%clk 0:12:20]} 26... Qf8
{[%clk 0:12:01]} 27. Bd6 {[%clk 0:11:55]} 27... Qd8 {[%clk 0:12:27]} 28. Qxd8+
{[%clk 0:12:03]} 28... Rxd8 {[%clk 0:12:54]} 29. Rd2 {[%clk 0:12:00]} 29... f5
{[%clk 0:11:27]} 30. Bb4 {[%clk 0:11:34]} 30... Re8 {[%clk 0:11:19]} 31. Kf2
{[%clk 0:11:38]} 31... g6 {[%clk 0:09:11]} 32. Rd7 {[%clk 0:10:30]} 32... Rc8
{[%clk 0:09:25]} 33. Bc3 {[%clk 0:10:15]} 33... a5 {[%clk 0:09:05]} 34. Rg7+
{[%clk 0:09:33]} 34... Kf8 {[%clk 0:09:16]} 35. Rxh7 {[%clk 0:09:32]} 35... b4
{[%clk 0:09:10]} 36. Rh8+ {[%clk 0:09:42]} 1-0

[Event "DVM U14w 2020"]
[Site "Willingen GER"]
[Date "2021.06.25"]
[Round "4"]
[White "Chen, Michelle"]
[Black "Hesse, Sariana"]
[Result "1-0"]
[Termination "normal"]
[Board "5.4"]
[WhiteElo "1064"]
[BlackElo "1048"]
[WhiteClock "01:10:59"]
[BlackClock "01:15:07"]
[WhiteTeam "TuRa Harksheide von 1945 Norderstedt"]
[BlackTeam "SV Roter Turm Halle"]
[PlyCount "31"]
[WhiteFideId "16275403"]
[BlackFideId "34605843"]
[EventCountry "GER"]
[EventRounds "7"]
[EventType "team-swiss"]
[EventDate "2021.06.23"]

1. d4 {[%clk 1:30:58]} 1... d5 {[%clk 1:30:54]} 2. c4 {[%clk 1:31:23]} 2... Nf6
{[%clk 1:30:59]} 3. Nc3 {[%clk 1:31:42]} 3... e6 {[%clk 1:30:10]} 4. Bg5 {
[%clk 1:32:00]} 4... Be7 {[%clk 1:29:31]} 5. e3 {[%clk 1:31:57]} 5... O-O {
[%clk 1:29:43]} 6. Nf3 {[%clk 1:32:05]} 6... Nc6 {[%clk 1:28:37]} 7. Bd3 {
[%clk 1:32:06]} 7... b6 {[%clk 1:28:17]} 8. O-O {[%clk 1:32:17]} 8... Bb7 {
[%clk 1:27:29]} 9. Rc1 {[%clk 1:31:52]} 9... Qd6 {[%clk 1:24:52]} 10. Qe2 {
[%clk 1:29:03]} 10... Ng4 {[%clk 1:23:01]} 11. Bxe7 {[%clk 1:25:14]} 11... Qxe7
{[%clk 1:21:13]} 12. cxd5 {[%clk 1:21:59]} 12... Nb4 {[%clk 1:18:47]} 13. Bb1 {
[%clk 1:15:22]} 13... Ba6 {[%clk 1:18:32]} 14. Nb5 {[%clk 1:14:37]} 14... Nxd5
{[%clk 1:16:52]} 15. Qc2 {[%clk 1:11:16]} 15... Rac8 {[%clk 1:15:07]} 16. Qxh7#
{[%clk 1:10:59]} 1-0

[Event "DVM U14w 2020"]
[Site "Willingen GER"]
[Date "2021.06.25"]
[Round "4"]
[White "Roncea, Andrea-Alexandra"]
[Black "von Beckh, Frieda"]
[Result "0-1"]
[Termination "normal"]
[Board "6.1"]
[WhiteElo "1619"]
[BlackElo "1610"]
[WhiteClock "00:01:19"]
[BlackClock "00:10:21"]
[WhiteTeam "SC Papenburg"]
[BlackTeam "SV Multatuli Ingelheim e.V."]
[PlyCount "86"]
[WhiteFideId "16233115"]
[BlackFideId "16233751"]
[EventCountry "GER"]
[EventRounds "7"]
[EventType "team-swiss"]
[EventDate "2021.06.23"]

1. e4 {[%clk 1:30:57]} 1... c5 {[%clk 1:30:49]} 2. Nf3 {[%clk 1:31:19]} 2...
Nc6 {[%clk 1:31:00]} 3. Bb5 {[%clk 1:31:32]} 3... e6 {[%clk 1:31:10]} 4. O-O {
[%clk 1:31:19]} 4... Nge7 {[%clk 1:31:12]} 5. c3 {[%clk 1:30:10]} 5... a6 {
[%clk 1:30:01]} 6. Bd3 {[%clk 1:30:07]} 6... b5 {[%clk 1:27:19]} 7. Bc2 { [%clk
1:28:58]} 7... Ng6 {[%clk 1:24:36]} 8. d4 {[%clk 1:26:24]} 8... cxd4 { [%clk
1:24:19]} 9. cxd4 {[%clk 1:25:57]} 9... d5 {[%clk 1:19:41]} 10. e5 { [%clk
1:24:34]} 10... Be7 {[%clk 1:18:59]} 11. a3 {[%clk 1:23:36]} 11... O-O { [%clk
1:16:31]} 12. b4 {[%clk 1:18:44]} 12... Nh8 {[%clk 1:12:10]} 13. Bd3 { [%clk
1:16:16]} 13... f6 {[%clk 1:10:38]} 14. Qc2 {[%clk 1:14:05]} 14... Qb6 { [%clk
1:07:40]} 15. Bb2 {[%clk 0:59:20]} 15... g6 {[%clk 1:05:19]} 16. h4 { [%clk
0:57:57]} 16... Nf7 {[%clk 1:03:15]} 17. h5 {[%clk 0:53:55]} 17... f5 { [%clk
1:02:32]} 18. hxg6 {[%clk 0:53:12]} 18... hxg6 {[%clk 1:02:36]} 19. Qd2 { [%clk
0:49:48]} 19... Kg7 {[%clk 0:59:51]} 20. g3 {[%clk 0:48:30]} 20... Rh8 { [%clk
0:58:59]} 21. Kg2 {[%clk 0:48:22]} 21... Bd7 {[%clk 0:56:33]} 22. Rg1 { [%clk
0:38:33]} 22... Nh6 {[%clk 0:51:09]} 23. Kf1 {[%clk 0:37:17]} 23... Ng4 { [%clk
0:50:17]} 24. Bc2 {[%clk 0:34:30]} 24... Rac8 {[%clk 0:47:11]} 25. Ke2 { [%clk
0:32:47]} 25... Nh2 {[%clk 0:36:29]} 26. g4 {[%clk 0:24:15]} 26... Nxg4 { [%clk
0:34:32]} 27. Nc3 {[%clk 0:23:34]} 27... Nh2 {[%clk 0:32:44]} 28. Nd1 { [%clk
0:22:53]} 28... Nxf3 {[%clk 0:32:07]} 29. Kxf3 {[%clk 0:23:12]} 29... Rh2
{[%clk 0:25:53]} 30. Rc1 {[%clk 0:18:58]} 30... Rch8 {[%clk 0:24:30]} 31. Bb1 {
[%clk 0:18:52]} 31... R8h3+ {[%clk 0:23:55]} 32. Ke2 {[%clk 0:19:02]} 32... Bh4
{[%clk 0:22:15]} 33. Rc2 {[%clk 0:14:55]} 33... Nxe5 {[%clk 0:18:33]} 34. Qf4 {
[%clk 0:10:04]} 34... Nc4 {[%clk 0:16:27]} 35. Bc1 {[%clk 0:09:14]} 35... Bf6 {
[%clk 0:14:35]} 36. Kf1 {[%clk 0:07:32]} 36... Qxd4 {[%clk 0:13:57]} 37. Qxd4 {
[%clk 0:07:11]} 37... Bxd4 {[%clk 0:14:15]} 38. Ke2 {[%clk 0:06:21]} 38... Nxa3
{[%clk 0:12:07]} 39. Bxa3 {[%clk 0:06:18]} 39... Rxa3 {[%clk 0:11:58]} 40. Rc7
{[%clk 0:06:16]} 40... Rb3 {[%clk 0:11:14]} 41. Rxd7+ {[%clk 0:04:12]} 41...
Kf6 {[%clk 0:11:29]} 42. Bd3 {[%clk 0:01:48]} 42... Rxb4 {[%clk 0:10:21]} 43.
Ra7 {[%clk 0:01:19]} 43... Bxa7 {[%clk 0:10:21]} 0-1

[Event "DVM U14w 2020"]
[Site "Willingen GER"]
[Date "2021.06.25"]
[Round "4"]
[White "Albrecht, Angelique"]
[Black "Zöllner, Bente"]
[Result "0-1"]
[Termination "normal"]
[Board "6.2"]
[WhiteElo "1263"]
[BlackElo "1614"]
[WhiteClock "00:38:59"]
[BlackClock "00:53:28"]
[WhiteTeam "SV Multatuli Ingelheim e.V."]
[BlackTeam "SC Papenburg"]
[PlyCount "90"]
[WhiteFideId "16298284"]
[BlackFideId "16230523"]
[EventCountry "GER"]
[EventRounds "7"]
[EventType "team-swiss"]
[EventDate "2021.06.23"]

1. d4 {[%clk 1:30:57]} 1... Nf6 {[%clk 1:30:42]} 2. c4 {[%clk 1:31:17]} 2... c5
{[%clk 1:31:00]} 3. d5 {[%clk 1:31:39]} 3... b5 {[%clk 1:31:19]} 4. b3 { [%clk
1:31:41]} 4... g6 {[%clk 1:30:45]} 5. a3 {[%clk 1:30:01]} 5... Bg7 { [%clk
1:29:16]} 6. Nc3 {[%clk 1:29:33]} 6... Ne4 {[%clk 1:25:17]} 7. Nxe4 { [%clk
1:25:14]} 7... Bxa1 {[%clk 1:22:02]} 8. Bh6 {[%clk 1:20:17]} 8... Qa5+ { [%clk
1:16:18]} 9. Qd2 {[%clk 1:17:03]} 9... Qxd2+ {[%clk 1:14:31]} 10. Bxd2 { [%clk
1:16:24]} 10... bxc4 {[%clk 1:13:36]} 11. bxc4 {[%clk 1:16:32]} 11... d6 {[%clk
1:12:02]} 12. g3 {[%clk 1:14:49]} 12... Nd7 {[%clk 1:10:30]} 13. Bc3 { [%clk
1:12:33]} 13... Bxc3+ {[%clk 1:07:58]} 14. Nxc3 {[%clk 1:10:04]} 14... Rb8
{[%clk 1:07:53]} 15. Kd2 {[%clk 1:02:10]} 15... Ba6 {[%clk 1:07:26]} 16. e4
{[%clk 1:01:54]} 16... Rb2+ {[%clk 1:05:25]} 17. Kc1 {[%clk 0:57:32]} 17...
Rxf2 {[%clk 1:03:40]} 18. Be2 {[%clk 0:54:36]} 18... Ne5 {[%clk 1:02:18]} 19.
Nh3 {[%clk 0:53:31]} 19... Rf6 {[%clk 1:01:10]} 20. Nb5 {[%clk 0:52:39]} 20...
Bxb5 {[%clk 1:00:27]} 21. cxb5 {[%clk 0:52:59]} 21... Kd7 {[%clk 1:00:06]} 22.
Kc2 {[%clk 0:52:07]} 22... e6 {[%clk 0:58:21]} 23. Nf4 {[%clk 0:48:11]} 23...
g5 {[%clk 0:57:05]} 24. Nd3 {[%clk 0:46:49]} 24... Nxd3 {[%clk 0:54:56]} 25.
Kxd3 {[%clk 0:46:19]} 25... exd5 {[%clk 0:54:24]} 26. exd5 {[%clk 0:46:25]}
26... Re8 {[%clk 0:54:09]} 27. Re1 {[%clk 0:46:21]} 27... Kc7 {[%clk 0:53:40]}
28. a4 {[%clk 0:46:09]} 28... Re5 {[%clk 0:53:09]} 29. Kc2 {[%clk 0:36:28]}
29... Rf2 {[%clk 0:52:03]} 30. Kd3 {[%clk 0:35:55]} 30... c4+ {[%clk 0:51:23]}
31. Kd2 {[%clk 0:35:57]} 31... c3+ {[%clk 0:51:26]} 32. Kd1 {[%clk 0:36:13]}
32... c2+ {[%clk 0:51:42]} 33. Kxc2 {[%clk 0:36:33]} 33... Rfxe2+ { [%clk
0:51:58]} 34. Rxe2 {[%clk 0:36:57]} 34... Rxe2+ {[%clk 0:52:20]} 35. Kd3 {[%clk
0:37:24]} 35... Rxh2 {[%clk 0:52:26]} 36. Kc4 {[%clk 0:37:28]} 36... Rg2 {[%clk
0:52:39]} 37. Kb4 {[%clk 0:37:48]} 37... Rxg3 {[%clk 0:52:46]} 38. Kc4 { [%clk
0:37:57]} 38... Kb6 {[%clk 0:52:27]} 39. Kd4 {[%clk 0:38:09]} 39... Rg4+ {[%clk
0:52:33]} 40. Ke3 Kc5 41. Ke2 {[%clk 0:38:05]} 41... Rg3 {[%clk 0:52:45] } 42.
Kd1 Rg2 43. Kc1 {[%clk 0:38:16]} 43... Kc4 {[%clk 0:53:07]} 44. Kb1 { [%clk
0:38:35]} 44... Kc3 {[%clk 0:53:28]} 45. Kc1 {[%clk 0:38:59]} 45... Rg1# 0-1